| 000 | 01173nam a2200193 a 4500 | ||
|---|---|---|---|
| 008 | 120416s0000 ||||||||||||||||| || u | ||
| 020 | _a0471133884 | ||
| 050 | _aHF 5686.E9 Cla | ||
| 100 | _aClark, Suzanne | ||
| 245 | 1 | 0 | _aEstates and trusts |
| 246 | _aa guide for fiduciary advisors | ||
| 260 |
_aNew York _bJohn Wiley and Sons _c1996 |
||
| 350 | _a0.00 | ||
| 995 |
_aANNEX COLLECTION (Main Library) _D0.00 _e733800 _FCBU-MAIN LIBRARY (Kitwe) _H2 _I28.95 _jHF 5686.E9 Cla _M2 _UAVAILABLE _y46246 _ZAnnex Low-Usage Collection |
||
| 995 |
_aMAIN LIBRARY OPEN ACCESS _D0.00 _e733802 _FCBU-MAIN LIBRARY (Kitwe) _H4 _I28.95 _jHF 5686.E9 Cla _M4 _UAVAILABLE _y46243 _ZMain Library Open Access Collection |
||
| 995 |
_aANNEX COLLECTION (Main Library) _D0.00 _e733801 _FCBU-MAIN LIBRARY (Kitwe) _H1 _I28.95 _jHF 5686.E9 Cla _M1 _UAVAILABLE _y46244 _ZAnnex Low-Usage Collection |
||
| 995 |
_aANNEX COLLECTION (Main Library) _D0.00 _e733803 _FCBU-MAIN LIBRARY (Kitwe) _H3 _I28.95 _jHF 5686.E9 Cla _M3 _UAVAILABLE _y46241 _ZAnnex Low-Usage Collection |
||
| 995 |
_aANNEX COLLECTION (Main Library) _D0.00 _e733799 _FCBU-MAIN LIBRARY (Kitwe) _H5 _I28.95 _jHF 5686.E9 Cla _M5 _UAVAILABLE _y46245 _ZAnnex Low-Usage Collection |
||
| 999 |
_c62862 _d62862 |
||